[Event "Vadsosjakken op"]
[Site "Vadso"]
[Date "2008.08.31"]
[Round "4"]
[White "Svendsen, Tony"]
[Black "Hoftaniska, Thor Erik"]
[Result "1/2-1/2"]
[WhiteElo "1502"]
[BlackElo "1684"]
[PlyCount "103"]
[EventDate "2008.08.??"]
[EventType "swiss"]
[EventRounds "5"]
[EventCountry "NOR"]
[SourceTitle "EXT 2010"]
[Source "ChessBase"]
[SourceDate "2010.11.25"]
[SourceVersion "1"]
[SourceVersionDate "2010.11.25"]
[SourceQuality "1"]

1. e4 e5 2. Nf3 Qe7 3. Nc3 c6 4. Bc4 g6 5. 0-0 Bg7 6. a4 Nf6 7. Re1 0-0 8. d4 d6 9. h3 Nbd7 10. b4 a6 11. Ba3 b5 12. Bb3 Nh5 13. Bc1 Nf4 14. axb5 cxb5 15. Nxb5 Bb7 16. Nc7 Ra7 17. Bxf4 exf4 18. Nd5 Bxd5 19. Bxd5 Nb6 20. Bb3 d5 21. Ne5 Bxe5 22. dxe5 Qxe5 23. exd5 Qc3 24. b5 a5 25. Re4 f3 26. gxf3 a4 27. Re3 Qc5 28. c4 Nxc4 29. Bxc4 Qxc4 30. b6 Rb7 31. Rxa4 Qb5 32. Qb3 Qxb6 33. Qxb6 Rxb6 34. Ra7 Rd6 35. Rd3 Rfd8 36. Ra5 Kg7 37. Kg2 Kf6 38. f4 Kf5 39. Kf3 R8d7 40. Ke3 Re7+ 41. Kf3 Red7 42. Rc5 h5 43. Kg3 Ke4 44. Re3+ Kf5 45. Re5+ Kf6 46. Rc6 Rd8 47. h4 Rxc6 48. dxc6 Rc8 49. Rc5 Ke6 50. Rc2 f5 51. Kf3 Kd6 52. Ke3 1/2-1/2

[Event "Vadsosjakken op"]
[Site "Vadso"]
[Date "2008.08.31"]
[Round "5"]
[White "Svendsen, Tony"]
[Black "Odden, Jan Ove"]
[Result "1-0"]
[WhiteElo "1502"]
[BlackElo "1534"]
[PlyCount "43"]
[EventDate "2008.08.??"]
[EventType "swiss"]
[EventRounds "5"]
[EventCountry "NOR"]
[SourceTitle "EXT 2010"]
[Source "ChessBase"]
[SourceDate "2010.11.25"]
[SourceVersion "1"]
[SourceVersionDate "2010.11.25"]
[SourceQuality "1"]

1. e4 c5 2. Nf3 Nc6 3. d4 cxd4 4. Nxd4 Nf6 5. Nc3 e6 6. Bf4 Bb4 7. Ndb5 e5 8. Bg5 Qa5 9. Bxf6 gxf6 10. Nd6+ Kf8 11. Qd2 Nd4 12. Nc4 Qc7 13. 0-0-0 b5 14. Qh6+ Ke8 15. Qxf6 Rg8 16. Nxe5 d6 17. Rxd4 Bxc3 18. Bxb5+ Kf8 19. Rxd6 Bg4 20. bxc3 Rc8 21. f3 Bh5 22. Rd7 1-0

[Event "Alta Apne op"]
[Site "Alta"]
[Date "2008.06.13"]
[Round "1"]
[White "Svendsen, Tony"]
[Black "Brasoy, Aksel"]
[Result "0-1"]
[WhiteElo "1514"]
[BlackElo "1929"]
[PlyCount "92"]
[EventDate "2008.06.13"]
[EventType "swiss"]
[EventRounds "5"]
[EventCountry "NOR"]
[SourceTitle "EXT 2010"]
[Source "ChessBase"]
[SourceDate "2010.11.25"]
[SourceVersion "1"]
[SourceVersionDate "2010.11.25"]
[SourceQuality "1"]

1. d4 Nf6 2. c4 e6 3. Nf3 c5 4. Qc2 cxd4 5. Nxd4 Nc6 6. Nxc6 bxc6 7. e4 d5 8. cxd5 cxd5 9. Bd3 dxe4 10. Bxe4 Nxe4 11. Qxe4 Bd7 12. Bg5 Qa5+ 13. Bd2 Qd5 14. Qxd5 exd5 15. 0-0 Be6 16. Bc3 f6 17. Re1 Kf7 18. Nd2 Bc5 19. Nb3 Bb6 20. Rad1 Rhe8 21. h3 Rac8 22. Bd4 Rc2 23. Rc1 Rxc1 24. Rxc1 Rc8 25. Rxc8 Bxc8 26. Bxb6 axb6 27. Nd4 Ba6 28. f4 g5 29. f5 Ke7 30. b4 Bd3 31. g4 Kd6 32. a4 Ke5 33. Ne6 d4 34. a5 bxa5 35. bxa5 Bb5 36. Kf2 h6 37. Nc7 Bc6 38. a6 Kf4 39. Ne6+ Ke4 40. a7 d3 41. Nc5+ Kd4 42. Nb3+ Kc3 43. Ke3 Kxb3 44. Kxd3 Kb4 45. Kd4 Bg2 46. Ke3 Kb5 0-1

[Event "Nord Norsk-ch"]
[Site "Tromsoe"]
[Date "2008.05.09"]
[Round "6"]
[White "Grundekjon, Christian S"]
[Black "Svendsen, Tony"]
[Result "1-0"]
[WhiteElo "1325"]
[BlackElo "1514"]
[PlyCount "91"]
[EventDate "2008.05.09"]
[EventType "swiss"]
[EventRounds "6"]
[EventCountry "NOR"]
[SourceTitle "EXT 2010"]
[Source "ChessBase"]
[SourceDate "2010.11.25"]
[SourceVersion "1"]
[SourceVersionDate "2010.11.25"]
[SourceQuality "1"]

1. e4 c5 2. Nc3 e6 3. g3 Nc6 4. Bg2 Nf6 5. f4 d5 6. e5 Nd7 7. Nf3 Be7 8. d3 0-0 9. Qe2 Nb6 10. 0-0 Bd7 11. Bd2 Rc8 12. Rac1 Nb4 13. a3 d4 14. axb4 dxc3 15. bxc3 Nd5 16. bxc5 Bxc5+ 17. d4 Bb6 18. c4 Ne7 19. Bb4 Bc6 20. Bxe7 Qxe7 21. c5 Ba5 22. Rfd1 Rfd8 23. c4 Bb4 24. Ng5 Bxg2 25. Kxg2 b6 26. cxb6 axb6 27. Qd3 g6 28. Ne4 Qb7 29. Kh3 Be7 30. g4 Ra8 31. Ra1 Rxa1 32. Rxa1 Bc5 33. d5 exd5 34. cxd5 Kg7 35. d6 h5 36. gxh5 Qd7+ 37. Kg3 gxh5 38. Nf6 h4+ 39. Kg2 Qc6+ 40. Qe4 Qxe4+ 41. Nxe4 Bd4 42. Ra4 Be3 43. Kf3 Bg1 44. h3 Kg6 45. Kg4 Bh2 46. Rb4 1-0

[Event "Nord Norsk-ch"]
[Site "Tromsoe"]
[Date "2008.05.09"]
[Round "3"]
[White "Isaksen, Eirik Nymo"]
[Black "Svendsen, Tony"]
[Result "1-0"]
[WhiteElo "1423"]
[BlackElo "1514"]
[PlyCount "59"]
[EventDate "2008.05.09"]
[EventType "swiss"]
[EventRounds "6"]
[EventCountry "NOR"]
[SourceTitle "EXT 2010"]
[Source "ChessBase"]
[SourceDate "2010.11.25"]
[SourceVersion "1"]
[SourceVersionDate "2010.11.25"]
[SourceQuality "1"]

1. e4 e5 2. Nf3 Nf6 3. Nc3 Nc6 4. d3 Bb4 5. Bg5 h6 6. Bh4 g5 7. Bg3 d6 8. a3 Bxc3+ 9. bxc3 Be6 10. Be2 Qe7 11. Rb1 0-0-0 12. 0-0 Rdg8 13. Qc1 h5 14. h4 gxh4 15. Nxh4 Ng4 16. Qb2 b6 17. d4 exd4 18. cxd4 Bd7 19. Rfe1 Kb8 20. c4 Qxe4 21. c5 Nxd4 22. cxb6 axb6 23. Bxd6 Nxe2+ 24. Rxe2 Qc6 25. Bg3 Rh6 26. Rc2 Qa4 27. Rxc7 Ka8 28. Qd2 Bc8 29. Qd5+ Rc6 30. Qxc6+ 1-0

[Event "Nord Norsk-ch"]
[Site "Tromsoe"]
[Date "2008.05.09"]
[Round "4"]
[White "Svendsen, Tony"]
[Black "Skognes, Runar Harr"]
[Result "1-0"]
[WhiteElo "1514"]
[BlackElo "1169"]
[PlyCount "59"]
[EventDate "2008.05.09"]
[EventType "swiss"]
[EventRounds "6"]
[EventCountry "NOR"]
[SourceTitle "EXT 2010"]
[Source "ChessBase"]
[SourceDate "2010.11.25"]
[SourceVersion "1"]
[SourceVersionDate "2010.11.25"]
[SourceQuality "1"]

1. e4 e5 2. Nf3 d6 3. d4 exd4 4. Nxd4 Nf6 5. Nc3 Nc6 6. Be3 Be7 7. f3 a6 8. Qd2 Nxd4 9. Bxd4 Be6 10. 0-0-0 b5 11. Kb1 Rb8 12. g4 c5 13. Be3 Qb6 14. g5 Nd7 15. f4 b4 16. Ne2 a5 17. Ng3 a4 18. f5 b3 19. cxb3 Bxb3 20. axb3 axb3 21. Bf4 Ra8 22. Qc3 f6 23. Bc4 Rf8 24. h4 Ne5 25. Bxe5 Qa7 26. Bxb3 dxe5 27. Nh5 Bd8 28. Kc2 c4 29. Qxc4 Rf7 30. Qxf7+ 1-0

[Event "NOR-chT"]
[Site "Karasjok"]
[Date "2008.01.12"]
[Round "2.4"]
[White "Svendsen, Tony"]
[Black "Soederholm, Steffen"]
[Result "1-0"]
[WhiteElo "1525"]
[BlackElo "512"]
[PlyCount "25"]
[EventDate "2008.01.11"]
[EventType "team-tourn"]
[EventRounds "5"]
[EventCountry "NOR"]
[SourceTitle "EXT 2010"]
[Source "ChessBase"]
[SourceDate "2010.11.25"]
[SourceVersion "1"]
[SourceVersionDate "2010.11.25"]
[SourceQuality "1"]

1. d4 b6 2. e4 Bb7 3. Nc3 d6 4. Nf3 Nc6 5. d5 Ne5 6. Nxe5 dxe5 7. Bg5 f6 8. Bb5+ c6 9. dxc6 fxg5 10. c7+ Kf7 11. Qxd8 Nf6 12. Qxa8 Bxa8 13. c8Q 1-0

[Event "Kalotturneringen"]
[Site "Hammerfest"]
[Date "2007.10.05"]
[Round "3"]
[White "Svendsen, Tony"]
[Black "Jakobsen, Oivind"]
[Result "1/2-1/2"]
[WhiteElo "1522"]
[BlackElo "1200"]
[PlyCount "79"]
[EventDate "2007.10.05"]
[EventType "swiss"]
[EventRounds "7"]
[EventCountry "NOR"]
[SourceTitle "EXT 2010"]
[Source "ChessBase"]
[SourceDate "2010.11.25"]
[SourceVersion "1"]
[SourceVersionDate "2010.11.25"]
[SourceQuality "1"]

1. e4 c5 2. Nf3 e6 3. d4 d5 4. Bb5+ Nc6 5. exd5 exd5 6. 0-0 Bd6 7. Re1+ Be6 8. c4 Nge7 9. Bg5 0-0 10. cxd5 Bxd5 11. Bxc6 bxc6 12. Nc3 f6 13. Nxd5 cxd5 14. dxc5 Bxc5 15. Be3 Qd6 16. Bxc5 Qxc5 17. Rc1 Qd6 18. Nd4 Ng6 19. Nf5 Qd7 20. Qg4 Rad8 21. Re7 Rc8 22. Rce1 Rfe8 23. Nh6+ gxh6 24. Qxd7 Nxe7 25. g3 Kf8 26. Rxe7 Rc1+ 27. Kg2 Rxe7 28. Qd8+ Kf7 29. Qxd5+ Kg7 30. Qd4 Rce1 31. b4 R1e4 32. Qc3 Re2 33. a4 R2e6 34. b5 a6 35. Qc5 axb5 36. axb5 Rb7 37. Qc8 Reb6 38. Qg4+ Kh8 39. Qf5 Kg7 40. Qg4+ 1/2-1/2

[Event "Vadsosjakken op"]
[Site "Vadso"]
[Date "2007.09.01"]
[Round "2"]
[White "Svendsen, Tony"]
[Black "Njaa, John Olav"]
[Result "1-0"]
[WhiteElo "1522"]
[BlackElo "1543"]
[PlyCount "59"]
[EventDate "2007.08.31"]
[EventType "swiss"]
[EventRounds "5"]
[EventCountry "NOR"]
[SourceTitle "CBM 120 Extra"]
[Source "ChessBase"]
[SourceDate "2007.11.01"]
[SourceVersion "1"]
[SourceVersionDate "2007.11.01"]
[SourceQuality "1"]

1. d4 Nf6 2. Bg5 c5 3. Bxf6 gxf6 4. e3 Qb6 5. b3 Bg7 6. Nf3 d6 7. Be2 Nc6 8. 0-0 f5 9. c3 Bf6 10. Nbd2 a6 11. Ne1 f4 12. Ne4 Bg7 13. Bh5 cxd4 14. exd4 d5 15. Ng5 0-0 16. Qd3 f5 17. Qf3 Qd8 18. Nh3 e5 19. dxe5 Bxe5 20. Nxf4 Ne7 21. Rd1 Qc7 22. Ned3 Rd8 23. Nxe5 Qxe5 24. Rfe1 Qd6 25. Nxd5 Nxd5 26. c4 Be6 27. cxd5 Bxd5 28. Qxf5 Rac8 29. Bf7+ Bxf7 30. Rxd6 1-0

[Event "NOR-chT"]
[Site "Karasjok"]
[Date "2005.10.08"]
[Round "2"]
[White "Romsdal, Jorn"]
[Black "Svendsen, Tony"]
[Result "1/2-1/2"]
[WhiteElo "1286"]
[BlackElo "1566"]
[PlyCount "70"]
[EventDate "2005.10.07"]
[EventType "team"]
[EventRounds "5"]
[EventCountry "NOR"]
[SourceTitle "EXT 2007"]
[Source "ChessBase"]
[SourceDate "2006.11.23"]
[SourceVersion "1"]
[SourceVersionDate "2006.11.23"]
[SourceQuality "1"]

1. e4 c5 2. Nf3 d6 3. Bc4 Nf6 4. Nc3 a6 5. a4 Bg4 6. e5 Bxf3 7. Qxf3 dxe5 8. Qxb7 Nbd7 9. Nd5 Nxd5 10. Bxd5 Rb8 11. Qxa6 g6 12. Ra3 Bg7 13. Bc6 0-0 14. Rd3 Rb6 15. Qa7 Rxc6 16. Rxd7 Qa8 17. Rxe7 Ra6 18. Qxa8 Rfxa8 19. b3 c4 20. Rb7 Rc6 21. Ke2 cxb3 22. cxb3 e4 23. Ba3 Rc2 24. Rc1 Ra2 25. Bb4 Be5 26. Rb5 f6 27. Ke3 Re8 28. Rc4 f5 29. g3 Ra1 30. Rxe5 Rxe5 31. Bc3 Re1+ 32. Kf4 Rd5 33. a5 h6 34. h4 Rf1 35. Ke3 Re1+ 1/2-1/2

[Event "NOR-chT"]
[Site "Karasjok"]
[Date "2005.10.07"]
[Round "1"]
[White "Svendsen, Tony"]
[Black "Larsen, Helge"]
[Result "1-0"]
[WhiteElo "1566"]
[BlackElo "938"]
[PlyCount "42"]
[EventDate "2005.10.07"]
[EventType "team"]
[EventRounds "5"]
[EventCountry "NOR"]
[SourceTitle "EXT 2007"]
[Source "ChessBase"]
[SourceDate "2006.11.23"]
[SourceVersion "1"]
[SourceVersionDate "2006.11.23"]
[SourceQuality "1"]

1. e4 e6 2. d4 c6 3. Bd3 Be7 4. Nf3 d6 5. 0-0 Nd7 6. Bf4 Qb6 7. Nbd2 Qd8 8. Re1 Ndf6 9. h3 b5 10. Bh2 a6 11. c3 Bb7 12. a4 g6 13. axb5 axb5 14. Qb3 Qc7 15. Rxa8+ Bxa8 16. c4 bxc4 17. Nxc4 Nd7 18. Ra1 Qb7 19. Qa4 d5 20. Qxa8+ Qxa8 21. Rxa8+ Bd8 1-0

[Event "Alta Hostturnering"]
[Site "Alta"]
[Date "2004.10.12"]
[Round "6"]
[White "Martinsen, Harald"]
[Black "Svendsen, Tony"]
[Result "1-0"]
[WhiteElo "1109"]
[BlackElo "1562"]
[PlyCount "77"]
[EventDate "2004.09.07"]
[EventType "swiss"]
[EventRounds "10"]
[EventCountry "NOR"]
[SourceTitle "EXT 2009"]
[Source "ChessBase"]
[SourceDate "2008.11.26"]
[SourceVersion "1"]
[SourceVersionDate "2008.11.26"]
[SourceQuality "1"]

1. d4 d5 2. Bf4 c5 3. Nf3 Nc6 4. e3 Bg4 5. Be2 Nf6 6. 0-0 Qb6 7. b3 Bxf3 8. Bxf3 cxd4 9. exd4 Nxd4 10. Be3 Nxf3+ 11. Qxf3 Qc7 12. c3 e6 13. Bd4 Be7 14. Re1 0-0 15. Nd2 Nd7 16. c4 e5 17. Qxd5 Bf6 18. Bc3 Rfd8 19. Qe4 Nc5 20. Qc2 b5 21. Rad1 b4 22. Bxb4 Nd3 23. Bc3 Nxe1 24. Rxe1 Rd7 25. Nf3 Rad8 26. Nd2 Rd3 27. Ne4 Be7 28. a3 f5 29. Ng3 Qd7 30. Bxe5 Rd1 31. Kf1 Rxe1+ 32. Kxe1 Bxa3 33. Nxf5 Bb4+ 34. Ke2 Qe6 35. Qe4 Rd2+ 36. Kf3 Bc5 37. Bg3 g6 38. Nh6+ Kg7 39. Qxe6 1-0

[Event "Barents Region-chB"]
[Site "Arta"]
[Date "2004.06.20"]
[Round "6"]
[White "Svendsen, Tony"]
[Black "Mikalsen, Odd Erling"]
[Result "0-1"]
[WhiteElo "1562"]
[BlackElo "1558"]
[PlyCount "116"]
[EventDate "2004.06.18"]
[EventType "swiss"]
[EventRounds "6"]
[EventCountry "NOR"]
[SourceTitle "EXT 2007"]
[Source "ChessBase"]
[SourceDate "2006.11.23"]
[SourceVersion "1"]
[SourceVersionDate "2006.11.23"]
[SourceQuality "1"]

1. d4 Nf6 2. c4 e5 3. dxe5 Ne4 4. Nf3 Nc6 5. a3 a5 6. Bf4 d6 7. Qc2 Bf5 8. Qa4 Be7 9. e3 0-0 10. exd6 cxd6 11. Nd4 Nc5 12. Qd1 Bg6 13. Nc3 Bf6 14. Nxc6 bxc6 15. Bxd6 Bxc3+ 16. bxc3 Qf6 17. Qd4 Nb3 18. Qxf6 gxf6 19. Ra2 Rfc8 20. c5 Be4 21. f3 Bd5 22. Rb2 a4 23. Bd3 Ra5 24. 0-0 Nxc5 25. Bc2 Bc4 26. Rd1 Nb3 27. Be7 Kg7 28. Rd6 Be6 29. Be4 Ra7 30. Bd8 Rd7 31. Rxd7 Bxd7 32. Bb6 Be6 33. Rc2 f5 34. Bd3 c5 35. Ba6 Rc6 36. Bb5 Rxb6 37. Bxa4 Ra6 38. Bb5 Rxa3 39. c4 Na1 40. Rc1 Ra2 41. Re1 Nb3 42. e4 Ra1 43. Kf2 Rxe1 44. Kxe1 fxe4 45. fxe4 Kf6 46. Ke2 Ke5 47. Ke3 Na5 48. Kd3 Kf4 49. g3+ Kf3 50. e5 Kg2 51. Ke4 Kxh2 52. Kf4 Nxc4 53. g4 Nxe5 54. Kxe5 Bxg4 55. Kd5 f5 56. Kxc5 Kg3 57. Kd4 Kf2 58. Ke5 h5 0-1

[Event "Finnmark-ch qual"]
[Site "Karasjok"]
[Date "2003.11.21"]
[Round "1.4"]
[White "Johnsen, Svein Harald"]
[Black "Svendsen, Tony"]
[Result "1/2-1/2"]
[WhiteElo "1819"]
[BlackElo "1481"]
[PlyCount "111"]
[EventDate "2003.11.??"]
[EventType "swiss"]
[EventRounds "5"]
[EventCountry "NOR"]
[SourceTitle "EXT 2005"]
[Source "ChessBase"]
[SourceDate "2004.11.15"]
[SourceVersion "1"]
[SourceVersionDate "2004.11.15"]
[SourceQuality "1"]

1. e4 c5 2. Nf3 d6 3. Bb5+ Nd7 4. d4 cxd4 5. Nxd4 Ngf6 6. Nc3 a6 7. Be2 g6 8. Be3 Bg7 9. Qd2 b5 10. f3 Bb7 11. Bh6 Bxh6 12. Qxh6 b4 13. Nd1 Qb6 14. Qe3 Rc8 15. Bd3 0-0 16. 0-0 Ne5 17. Nb3 Qc7 18. Rc1 d5 19. Nf2 Rfd8 20. f4 Nc4 21. Bxc4 dxc4 22. Nd2 c3 23. bxc3 Qxc3 24. Nd3 Bc6 25. Nb1 Qd4 26. Qxd4 Rxd4 27. e5 Nd5 28. Nd2 Nc3 29. Nb3 Re4 30. Rce1 Rxe1 31. Rxe1 Bb5 32. Nxb4 Ne2+ 33. Kf2 Nxf4 34. Nd4 Rc4 35. Nxb5 axb5 36. a3 e6 37. g3 Nd5 38. Nxd5 exd5 39. Re2 Rc3 40. Rd2 Rxa3 41. Rxd5 Ra2 42. Rc5 Kf8 43. Ke2 b4 44. Kd3 Rb2 45. Rc7 h5 46. Ke4 b3 47. cxb3 Rxb3 48. Kf4 Rb5 49. h3 Rb8 50. g4 hxg4 51. hxg4 Re8 52. Ra7 Re7 53. Ra8+ Kg7 54. Rb8 Rc7 55. Re8 Rc4+ 56. Kf3 1/2-1/2

[Event "NOR-chT"]
[Site "Tromsoe"]
[Date "2003.03.09"]
[Round "3"]
[White "Lahlum, Ida"]
[Black "Svendsen, Tony"]
[Result "1/2-1/2"]
[WhiteElo "1488"]
[BlackElo "1529"]
[PlyCount "56"]
[EventDate "2003.03.??"]
[EventType "team"]
[EventRounds "3"]
[EventCountry "NOR"]
[SourceTitle "EXT 2005"]
[Source "ChessBase"]
[SourceDate "2004.11.15"]
[SourceVersion "1"]
[SourceVersionDate "2004.11.15"]
[SourceQuality "1"]

1. d4 d5 2. c4 c6 3. Nf3 Nf6 4. Nc3 e6 5. Bg5 Be7 6. e3 0-0 7. Bd3 dxc4 8. Bxc4 b5 9. Bd3 Nbd7 10. Rc1 Bb7 11. 0-0 a6 12. Ne4 Nxe4 13. Bxe7 Nxf2 14. Qc2 Qxe7 15. Bxh7+ Kh8 16. Rxf2 g6 17. Bxg6 fxg6 18. Qxg6 Rf6 19. Qh5+ Kg8 20. Rcf1 c5 21. Ne5 Rxf2 22. Qg6+ Qg7 23. Qxe6+ Rf7 24. Qxf7+ Qxf7 25. Rxf7 Nxe5 26. Rxb7 cxd4 27. exd4 Nd3 28. b3 Rd8 1/2-1/2